[Event "Bethune op-B 24th"]
[Site "Bethune"]
[Date "2003.12.30"]
[Round "7"]
[White "Dumont, Christelle"]
[Black "Deligny, Jean Marie"]
[Result "1-0"]
[WhiteElo "1270"]
[BlackElo "1150"]
[PlyCount "105"]
[EventDate "2003.12.26"]
[EventType "swiss"]
[EventRounds "9"]
[EventCountry "FRA"]
[SourceTitle "EXT 2005"]
[Source "ChessBase"]
[SourceDate "2004.11.15"]
[SourceVersion "1"]
[SourceVersionDate "2004.11.15"]
[SourceQuality "1"]

1. d4 Nf6 2. c4 e6 3. Nc3 Bb4 4. Bd2 c5 5. d5 d6 6. e4 e5 7. h3 0-0 8. Nf3 Nbd7 9. Be2 a6 10. a3 Ba5 11. a4 Bb6 12. b3 Nh5 13. g3 Qe7 14. Nh2 g6 15. Bxh5 gxh5 16. Qxh5 f6 17. 0-0-0 Qf7 18. Qxf7+ Rxf7 19. g4 Nf8 20. Rhg1 Ng6 21. Rdf1 Nf4 22. Bxf4 exf4 23. f3 Kf8 24. Ne2 f5 25. gxf5 Ba5 26. Nxf4 Ke7 27. Rf2 Bc3 28. Ne2 Be5 29. f4 Bf6 30. Nf3 Bd7 31. e5 dxe5 32. fxe5 Bg7 33. Nh4 Bh6+ 34. Kb2 Be3 35. Rgg2 Bxf2 36. Rxf2 Raf8 37. e6 Bxe6 38. dxe6 Rf6 39. Nf4 Kd6 40. Re2 Re8 41. Nd5 Rh6 42. Re4 Rb8 43. f6 b5 44. Nf5+ Kc6 45. Nxh6 bxa4 46. Re3 Kd6 47. e7 Kd7 48. f7 Rc8 49. Nb6+ Kc7 50. Nxc8 Kxc8 51. e8Q+ Kc7 52. Qe6 Kb7 53. Rd3 1-0